01442nam a2200337 i 4500001001000000003000900010005001700019007000300036008004100039040003000080041000800110082001900118100004100137245006700178264008100245300002700326336002700353337003300380338002800413490004600441500007100487504003300558590002700591830005300618910000700671942001300678952013800691952012600829952013200955999001701087000029794DO-SdBNP20251106123659.0ta110426s20uu dr 000 0 spa d aDO-SdBNPbspacBNPHUerda aspa axxxbF718a2221 aForestieri S., Rolandoeautor95654714aLos aportes de Grecia a la democracia /cRolando Forestieri s. a[Santo Domingo ] :bSociedad Dominicana de Estudios Helénisticos,c[200?]. a36 páginas ;c21 cm. ardacontentbtexto2txt ardamediabsin mediación2n ardacarrierbvolumen2nc aMonografíav1arecordando a los griegos aCiclo de conferencias sobre la vida y la cultura del pueblo griego aBibliografía : página 36 aInventariado,. 2025/DG 0aMonografíav1precordando a los griegos956548 aDG 2ddccLF2 00102ddc56708DSaBNPHUbBNPHUcCTd2011-04-26l0oBNPHU DS F718p29794-20r2020-06-25te. 2w2020-06-25yLF2ZPréstamo en sala 00102ddc51708PDaBNPHUbBNPHUcCTd2011-04-26l0oBNPHU PD F718p29794-10r2020-06-25w2020-06-25yLF2ZNo se presta 00102ddc51708PDaBNPHUbBNPHUcCTd2011-04-26l0oBNPHU PD F718p29794-30r2020-06-25te. 3w2020-06-25yLF2ZNo se presta c29286d29286